000 00593cab a2200181 4500
001 WB2720-60
008 090401t1991 xxu||||| |||| 00| 0 eng d
035 _a(Sirsi) u11323
041 _aeng
245 _aConnell homes in on repossessions
260 _c1991
350 _a0
490 _aMoney Week
_v(207) 22 May 1991, 7(1)
520 _aConnell , the estate agency group owned buy Scottish Widows ,has set up a special department to deal with the sale of repossessed properties .
690 _aMANAGEMENT-BUSINESS MANAGEMENT-PROFESSIONAL PRACTICE
942 _n0
948 _c04/03/1997
999 _c7208
_d7208